| 000 | 02789 a2200217 4500 | ||
|---|---|---|---|
| 001 | 63719 | ||
| 005 | 20260407155935.0 | ||
| 008 | 260407a2025 arg spa d | ||
| 003 | AR-UNSa-BCEJYS | ||
| 040 |
_aAR-UNSa-BCEJYS _bspa _cAR-UNSa-BCEJYS |
||
| 080 |
_a159.922 _xCaracterísticas de la vida mental. Consciencia. Desarrollo mental en los seres humanos. Psicología diferencial. Psicología genética. Psicología del desarrollo |
||
| 245 | 1 | 0 |
_aSalud mental en niñas, niños y adolescentes _pAbordaje interdisciplinario |
| 264 | 1 |
_aMendoza : _b[s.e.] _c2025 |
|
| 300 |
_a214 p. _c21 cm. |
||
| 505 | _a1. Introducción – 2. Familia y comunidad – 3. Implicaciones prácticas para los profesionales – 4. Marco normativo. Rol de abogados y jueces – 5. La Ley Nacional de Salud Mental y la Ley de Protección Integral de los Derechos de Niñas, Niños y Adolescentes en el ámbito educativo Argentino – 6. Redactar diagnósticos en la infancia y adolescencia con lápiz – 7. El abordaje del autismo en la Ley de Salud Mental Argentina. Impacto en el diagnóstico y la protección de derechos – 8. El negocio de los laboratorios y el padecimiento mental infantil – 9. Adolescentes en hogares de tránsito y la Ley de Salud Mental en Argentina – 10. Abordaje clínico integral en el consumo problemático de sustancias en adolescentes víctimas de abuso sexual – 11. Abordaje de abuso sexual paterno en niñas, niños y adolescentes según la Ley de Salud Mental Argentina – 12. Diagnóstico de psicosis en la adolescencia según la Ley de Salud Mental Argentina – 13. Abordaje de intentos de suicidio en adolescentes según la Ley de Salud Mental Argentina – 14. Principales relevancias de consumo de sustancias psicoactivas y las tendencias de mortalidad por suicidio en Argentina – 15. Rol de los medios de comunicación en la percepción social de las problemáticas de salud mental y adicciones – 17. Apoyo y movilidad infantil. Acceso a servicios de salud mental para niños y adolescentes – 18. El delicado equilibrio entre el abordaje psicológico y psiquiátrico en niños y adolescentes – 19. Análisis crítico de la aplicación no federal de la Ley de Salud Mental Argentina – 20. Obstáculos para la implementación de políticas de salud mental y abordaje de los consumos problemáticos en Argentina – 21. Lineamientos y estrategias para fortalecer la red de servicios de salud mental y adicciones en hospitales generales – 22. ¿Está Argentina preparada para implementar la Ley de Salud Mental? - | ||
| 041 | _aspa | ||
| 942 | _cBK | ||
| 590 | _aniveau_biblio:m niveau_hierar:0 | ||
| 100 | 1 | _aBenaroya, Sergio Gustavo | |
| 856 | 4 | 1 |
_uhttps://www.biblioeco.unsa.edu.ar/pmb/images/libros/L129426.jpg _yImagen de portada _qimage/jpeg |
| 999 |
_c8279 _d8279 |
||